000 00577nam a2200193Ia 4500
005 20220714140557.0
008 210716s2000 xx 000 0 und d
020 _a9788131715055
040 _cAIMIT LIBRARY
041 _aeng
082 _a006.3
_23
_bWINP
100 _aWinston, Patrick Henry.
_949368
245 _aArtificial intelligence /
_cBy Patrick Henry Winston
250 _a3
260 _aNew Delhi :
_bPearson Education ,
_c2007
300 _axxv,735p. ;
_bPB :
_c23.5 cm.
650 _aArtificial Intelligence(006.3)
_949369
942 _2ddc
_cBK
_e3rd
_k006.3 WINP
999 _c196290
_d196290